The Doctor's Companions Quiz Stats

 Plays Quiz Updated Sep 10, 2012

Challenge
Share
Tweet
Score 0/30 Timer 05:00
1 Play Today
% Correct
Rose Tyler
95.9%
Amelia Pond
91.8%
Rory Williams
90.2%
Donna Noble
88.9%
Captain Jack Harkness
85%
Martha Jones
84.3%
River Song
80.8%
Mickey Smith
80.4%
Sarah Jane Smith
77.3%
Susan Foreman
50.6%
Dorothy Gale 'Ace' McShane
47%
Brigadier Alistair Gordon Lethbridge-Stewart
44.8%
Jo Grant
44.1%
Romanadvoratrelundar
39.4%
Barbara Wright
37.8%
% Correct
Ian Chesterton
37.2%
Leela
37%
Perpugilliam 'Peri' Brown
33.2%
Tegan Jovanka
32.7%
Melanie Bush
30%
Sgn. Lt. Harry Sullivan
29.7%
Dr. Elizabeth 'Liz' Shaw
29.1%
Dr. Grace Holloway
28.9%
Nyssa
27.2%
Zoe Heriot
26.9%
Polly Wright
26.3%
Victoria Waterfield
26.2%
Vicki Pallister
25.1%
Dorothea 'Dodo' Chaplet
25%
Captain Mike Yates
20.5%

You're not logged in!

Compare scores with friends on all Sporcle quizzes.
Join for Free
OR
Log In

You Might Also Like...

Show Comments

Extras

Top Quizzes Today


Score Distribution

Your Account Isn't Verified!

In order to create a playlist on Sporcle, you need to verify the email address you used during registration. Go to your Sporcle Settings to finish the process.

Report this User

Report this user for behavior that violates our Community Guidelines.

Details: